000 00360nam a2200121Ia 4500
008 220620s9999||||xx |||||||||||||| ||und||
245 0 _aSurfactants and Detergents
546 _aEnglish[eng]
650 _aColloid chemistry
700 _aKumar Dutta, Ashim
856 _uhttps://mts.intechopen.com/storage/books/7735/authors_book/authors_book.pdf
942 _cEB
999 _c26292
_d26292